Aplicación de tecnologías de gestión en las empresas del Sector Pesquero Marplatense (Registro nro. 22782)

Detalles MARC
000 -LEADER
fixed length control field 00360 a2200109 4500
001 - CONTROL NUMBER
control field ART_6554
005 - DATE AND TIME OF LATEST TRANSACTION
control field 20260410161826.0
008 - FIXED-LENGTH DATA ELEMENTS--GENERAL INFORMATION
fixed length control field 260409a
100 1# - MAIN ENTRY--PERSONAL NAME
Personal name Duran, Claudia
245 10 - TITLE STATEMENT
Title Aplicación de tecnologías de gestión en las empresas del Sector Pesquero Marplatense
773 0# - HOST ITEM ENTRY
Title FACES
Related parts - Año 10, Nº 19 (ene./abr. 2004)
Record control number REV5046

No hay ítems disponibles.